000 01017cab a2200205 4500
001 ABS38923
008 090401t1988 xxu||||| |||| 00| 0 eng d
035 _a(Sirsi) u13351
041 _aeng
100 _aKenny, P.H.
245 _aLicences to share property
260 _c1988
350 _a0
490 _aLaw Society`s Gazette
_v85(11) 16 March 1988, 17-25(3)
520 _aDiscusses the distinction between a lease and a licence with regard to individuals sharing a property, each being granted at different times an individual licence to share. Examines the effect of Street v Mountford on this area of law with particular reference to the decision A G Securities v Vaughan (1987) (See Abstract 38813) which further clarified the approach laid down in the earlier case.
650 _aPROPERTY-RESIDENTIAL PROPERTY-RESIDENTIAL LANDLORD AND TENANT-RESIDENTIAL TENANCIES
690 _aPROPERTY-RESIDENTIAL PROPERTY-RESIDENTIAL LANDLORD AND TENANT-RESIDENTIAL TENANCIES
942 _n0
948 _c04/03/1997
999 _c8607
_d8607